Les objets fractals : forme, hasard et dimension

Saved in:
Bibliographic Details
Main Author: Mandelbrot, Benoit B.
Format: Book
Language:French
Published: Paris : Flammarion, 1995
Edition:14me ed. rev.
Series:Champs ; ; 301
Subjects:
Tags: Add Tag
No Tags, Be the first to tag this record!

MARC

LEADER 00000nam a2200000 i 4500
001 1/81532
008 980217s1995 fre d
020 |a 2-08-081301-3 
035 |a 1997  |b 3  |c Αγορά/Καλαβάσης  |l 10033715 
040 |a GR-MY-UA  |b gre  |e aacr 
041 0 |a fre 
082 0 |a 514.74 
100 1 |a Mandelbrot, Benoit B. 
245 1 4 |a Les objets fractals :  |b forme, hasard et dimension /  |c Benoit Mandelbrot 
250 |a 14me ed. rev. 
260 |a Paris :   |b Flammarion,   |c 1995 
300 |a 212 p. 
490 1 |a Champs  |v ; 301 
650 0 0 |a Fractals. 
650 0 0 |a Mathematical models. 
650 0 0 |a Stochastic processes. 
830 0 |a Champs ;  |v ; 301 
852 |a INST  |b RHODES  |e 19980217  |h 514.74 MAN  |p 005400011151  |q 005400011151  |t BK  |y 0 
901 |a BIBL-1998-1 
909 |a Ρ  |b 052371  |c 1997